ARRUPE JESUIT UNIVERSITY

CORONAVIRUS -STOP THE SPREAD - CLEAN,DISINFECT,COVER

Children on the front line (Record no. 126071)

MARC details
000 -LEADER
fixed length control field 00590nam a22001577a 4500
005 - DATE AND TIME OF LATEST TRANSACTION
control field 20170301084004.0
008 - FIXED-LENGTH DATA ELEMENTS--GENERAL INFORMATION
fixed length control field 170208b xxu||||| |||| 00| 0 eng d
050 ## - LIBRARY OF CONGRESS CALL NUMBER
Classification number HQ792.A46C536
100 ## - MAIN ENTRY--PERSONAL NAME
Personal name Harland, David (ed.)
9 (RLIN) 28686
245 ## - TITLE STATEMENT
Title Children on the front line
Remainder of title the impact of apartheid, destabilization and warfare on children in Southern and South Africa
Statement of responsibility, etc edited by Harland, David
260 ## - PUBLICATION, DISTRIBUTION, ETC. (IMPRINT)
Place of publication, distribution, etc New York
Name of publisher, distributor, etc UNICEF
Date of publication, distribution, etc 1989
300 ## - PHYSICAL DESCRIPTION
Extent 126p.;
Dimensions 26cm.
650 ## - SUBJECT ADDED ENTRY--TOPICAL TERM
Topical term or geographic name as entry element Children
Geographic subdivision Africa, Southern
General subdivision Social conditions
9 (RLIN) 28687
650 ## - SUBJECT ADDED ENTRY--TOPICAL TERM
Topical term or geographic name as entry element Children
Geographic subdivision Africa, Southern
9 (RLIN) 28688
942 ## - ADDED ENTRY ELEMENTS (KOHA)
Source of classification or shelving scheme Library of Congress Classification
Item type Monograph ( Printed materials)
Holdings
Withdrawn status Lost status Source of classification or shelving scheme Damaged status Not for loan Collection code Home library Current library Shelving location Date acquired Total Checkouts Full call number Barcode Date last seen Price effective from Koha item type
    Library of Congress Classification     Main Collection ARRUPE LIBRARY ARRUPE LIBRARY Main Collection 08/02/2017   HQ792.A46C536 46500024075 09/05/2018 08/02/2017 Monograph ( Printed materials)

 

Arrupe Library. PO Box MP320 Mt Pleasant, Harare, Zimbabwe
263 242 745411|librarian@aju.ac.zw